00783nam a22001817a 4500003000900000008004100009020001800050040007100068082002000139100002100159245009700180260005800277300004300335505014900378650001700527650002600544650003100570AR-CdUCM190308b ||||| |||| 00| 0 spa d a9972-33-346-9 aMUNICIPALIDAD PROVINCIAL DEL CUSCOcBIBLIOTECA MUNICIPAL DEL CUSCO a709.856 /bAY93 aAyarza, Leonarda aLa plástica ancestral del Cusco y su valoración iconológica en el contexto cultural /  aCusco :bTalleres gráficos de gráfica S&C,c2006. a134 páginas ;bImágenes.c20.5 cm. aContenido: La plástica ancestral -- La plástica ancestral del Cusco -- Modelo: Análisis iconológico de la obra "la cosmogonía andina". aArte peruano aSimbolismo en el arte aValoración iconológica